Παιδικό βιβλίο, αρχαίος μύθος και χρηστικό αντικείμενο : το παράδειγμα των Γ. Σταθόπουλου και Δ. Μυταρά ; διπλωματική εργασία
Αποθηκεύτηκε σε:
| Κύριος συγγραφέας: | |
|---|---|
| Συγγραφή απο Οργανισμό/Αρχή: | |
| Άλλοι συγγραφείς: | , , |
| Μορφή: | Thesis Βιβλίο |
| Γλώσσα: | Greek |
| Δημοσίευση: |
Ρόδος :
Πανεπιστήμιο Αιγαίου, Τμήμα Επιστημών Προσχολικής Αγωγής και Εκπαιδευτικού Σχεδιασμού,
2003.
|
| Θέματα: | |
| Ετικέτες: |
Προσθήκη ετικέτας
Δεν υπάρχουν, Καταχωρήστε ετικέτα πρώτοι!
|
MARC
| LEADER | 00000cam a2200000 i 4500 | ||
|---|---|---|---|
| 001 | 1/57139 | ||
| 008 | 040609s2003 gre d | ||
| 035 | |l 10073719 | ||
| 040 | |a GR-MY-UA |b gre |e aacr | ||
| 041 | 0 | |a gre | |
| 082 | 7 | |a 809.89282 |2 (21) | |
| 100 | 1 | |a Πολίτη, Μαρία. | |
| 245 | 1 | 0 | |a Παιδικό βιβλίο, αρχαίος μύθος και χρηστικό αντικείμενο : |b το παράδειγμα των Γ. Σταθόπουλου και Δ. Μυταρά ; διπλωματική εργασία / |c Πολίτη Μαρία ; επιβλέπων καθηγήτρια: Ζερβού Αλεξάνδρα ; μέλη επιτροπής: Βιτσιλάκη Χρυσή, Γιαννικοπούλου Αγγελική. |
| 260 | |a Ρόδος : |b Πανεπιστήμιο Αιγαίου, Τμήμα Επιστημών Προσχολικής Αγωγής και Εκπαιδευτικού Σχεδιασμού, |c 2003. | ||
| 300 | |a 99 σ. | ||
| 502 | |a Πτυχιακή εργασία – Πανεπιστήμιο Αιγαίου, Ρόδος, 2003. | ||
| 504 | |a Περιέχει βιβλιογραφικές αναφορές. | ||
| 610 | 2 | 0 | |a University of the Aegean |x Dissertations. |
| 650 | 0 | 0 | |a Children's literature |x History and criticism. |
| 650 | 0 | 0 | |a Books |x History. |
| 650 | 0 | 0 | |a Dissertations, Academic |z Greece. |
| 700 | 1 | |a Ζερβού, Αλεξάνδρα Κ. |4 ths | |
| 700 | 1 | |a Βιτσιλάκη, Χρυσή. |4 ths | |
| 700 | 1 | |4 ths |a Γιαννικοπούλου, Αγγελική Α. | |
| 710 | 2 | |a Πανεπιστήμιο Αιγαίου |b Σχολή Ανθρωπιστικών Σπουδών |b Τμήμα Επιστημών Προσχολικής Αγωγής και Εκπαιδευτικού Σχεδιασμού. | |
| 852 | |a INST |b RHODES |c DIATR |e 20040610 |h 809.89282 ΠΟΛ |p 005400018825 |q 005400018825 |t DIE |y 23 | ||
| 852 | |a INST |b RHODES |c DIATR |e 20040609 |h 809.89282 ΠΟΛ |p 005400018861 |q 005400018861 |t DIE |y 23 | ||
| 901 | |a BIBL4-2004-2 | ||
| 909 | |a Ρ |b 109651 | ||
| 909 | |a Ρ |b 109686 | ||
| 924 | |a ΠΟΛΙΤΗ |b ΜΑΡΙΑ |y Ρόδος |z 2003-07 | ||
| 970 | |a ΚΟΥΛΑΚΙΟΤΗ |b ΛΙΤΣΑ |z 2004/06/09 | ||